[Event "WchT Seniors 65"]
[Site "Rhodes"]
[Date "2019.04.19"]
[Round "4.3"]
[White "Quinn, John M"]
[Black "Hedin, Gunnar"]
[Result "1/2-1/2"]
[WhiteElo "2140"]
[BlackElo "2195"]
[PlyCount "92"]
[EventDate "2019.04.16"]
[EventType "team-swiss"]
[EventRounds "9"]
[EventCountry "GRE"]
[SourceTitle "CBM 190 Extra"]
[Source "ChessBase"]
[SourceDate "2019.07.15"]
[SourceVersion "1"]
[SourceVersionDate "2019.07.15"]
[SourceQuality "1"]
[WhiteTeam "England"]
[BlackTeam "Sweden"]
[WhiteTeamCountry "ENG"]
[BlackTeamCountry "SWE"]

1. d4 f5 2. Bg5 g6 3. Nc3 Bg7 4. h4 h6 5. Bf4 d6 6. e3 Nc6 7. d5 Ne5 8. Bb5+ Bd7 9. Bxe5 dxe5 10. Qe2 a6 11. Bxd7+ Qxd7 12. e4 f4 13. Nf3 e6 14. 0-0-0 0-0-0 15. Qc4 Ne7 16. dxe6 Qc6 17. Qb3 Rxd1+ 18. Rxd1 Rd8 19. Rxd8+ Kxd8 20. Nd5 b6 21. Qd3 Qd6 22. Qxa6 Qxe6 23. Qa8+ Nc8 24. Qb7 Qd7 25. a4 c6 26. Qxd7+ Kxd7 27. Nc3 Ke6 28. Kd2 Bf8 29. Ke2 Nd6 30. Kd3 Nb7 31. Nd2 Bc5 32. Nd1 Be7 33. b3 Bxh4 34. f3 Bd8 35. Nf2 h5 36. Kc4 g5 37. b4 Nd6+ 38. Kc3 Kd7 39. Nc4 Nxc4 40. Kxc4 Kd6 41. b5 Bc7 42. Kb4 Kd7 43. Nh3 Bd8 44. Nf2 Bc7 45. Nh3 Bd8 46. Nf2 Bc7 1/2-1/2

[Event "EU-chT Seniors 65"]
[Site "Walbrzych"]
[Date "2018.04.15"]
[Round "2.1"]
[White "Vehkalahti, Veli"]
[Black "Hedin, Gunnar"]
[Result "0-1"]
[WhiteElo "1880"]
[BlackElo "2174"]
[PlyCount "100"]
[EventDate "2018.04.14"]
[EventType "team-swiss"]
[EventRounds "9"]
[EventCountry "POL"]
[SourceTitle "CBM 184 Extra"]
[Source "ChessBase"]
[SourceDate "2018.06.28"]
[SourceVersion "1"]
[SourceVersionDate "2018.06.28"]
[SourceQuality "1"]
[WhiteTeam "Finland Royal Musketeers 65"]
[BlackTeam "Sweden 65"]
[WhiteTeamCountry "FIN"]
[BlackTeamCountry "SWE"]

1. d4 f5 2. c4 Nf6 3. g3 g6 4. Bg2 Bg7 5. Nf3 0-0 6. 0-0 d6 7. Nc3 c6 8. Bf4 h6 9. Qc2 Nh5 10. Bd2 e5 11. dxe5 dxe5 12. Rad1 Qe8 13. e4 f4 14. Ne2 g5 15. Ne1 g4 16. f3 Na6 17. gxf4 exf4 18. Bc3 Qg6 19. Bxg7 Qxg7 20. Rd6 g3 21. Qd2 gxh2+ 22. Kh1 Nc7 23. Rd8 Be6 24. Rxa8 Nxa8 25. b3 Nc7 26. Nd3 Qg5 27. Nf2 Kh7 28. Bh3 Rg8 29. Bg4 Ng3+ 30. Nxg3 fxg3 31. Qxg5 Rxg5 32. Nh3 Rg7 33. Nf4 Bxg4 34. fxg4 Rxg4 35. Kg2 Ne8 36. Nh5 Rxe4 37. Nxg3 Re7 38. Kxh2 Kg6 39. Kg2 Nf6 40. Rf2 Re5 41. Rd2 Rg5 42. Rd4 Nh5 43. Rd6+ Kh7 44. Rd7+ Kg8 45. Rxb7 Rxg3+ 46. Kh2 Rg7 47. Rb4 Nf4 48. Ra4 Nd3 49. a3 Nc5 50. Rb4 Rb7 0-1

[Event "EU-chT Seniors 65"]
[Site "Walbrzych"]
[Date "2018.04.14"]
[Round "1.1"]
[White "Hedin, Gunnar"]
[Black "Gustavsson, Bo"]
[Result "1/2-1/2"]
[WhiteElo "2174"]
[BlackElo "1915"]
[PlyCount "97"]
[EventDate "2018.04.14"]
[EventType "team-swiss"]
[EventRounds "9"]
[EventCountry "POL"]
[SourceTitle "CBM 184 Extra"]
[Source "ChessBase"]
[SourceDate "2018.06.28"]
[SourceVersion "1"]
[SourceVersionDate "2018.06.28"]
[SourceQuality "1"]
[WhiteTeam "Sweden 65"]
[BlackTeam "Sweden 65 III"]
[WhiteTeamCountry "SWE"]
[BlackTeamCountry "SWE"]

1. c4 c5 2. Nc3 Nc6 3. g3 Nf6 4. Bg2 e6 5. Nf3 d5 6. cxd5 Nxd5 7. 0-0 Be7 8. Nxd5 Qxd5 9. d3 Qd7 10. Be3 0-0 11. Rc1 Nd4 12. Nxd4 cxd4 13. Bf4 Bd6 14. Bxd6 Qxd6 15. Qc2 Qb6 16. Qc7 Qxb2 17. Rc2 Qb6 18. Qe7 Qd8 19. Rc7 Qxe7 20. Rxe7 Rb8 21. Rc1 g6 22. Rcc7 Kg7 23. f4 a5 24. Kf2 b5 25. Bc6 Ba6 26. Ra7 Rb6 27. Be8 Rb7 28. Rexb7 Bxb7 29. Bxb5 Bd5 30. Rxa5 Rc8 31. Ra7 h5 32. a4 Kf6 33. e4 dxe3+ 34. Kxe3 Rc2 35. Be8 e5 36. fxe5+ Kxe5 37. Bxf7 Bxf7 38. Rxf7 Rxh2 39. Rb7 Rh3 40. Rb5+ Kf6 41. Kf2 h4 42. gxh4 Rxd3 43. a5 Rh3 44. Rb4 Ra3 45. Rb6+ Kf5 46. a6 Ra4 47. Kg3 Ra3+ 48. Kf2 Ra4 49. Kg3 1/2-1/2

[Event "SWE-chT 1718 Elite"]
[Site "Sweden"]
[Date "2018.02.03"]
[Round "5"]
[White "Westerberg, Jonathan"]
[Black "Hedin, Gunnar"]
[Result "1-0"]
[WhiteElo "2500"]
[BlackElo "2165"]
[PlyCount "99"]
[EventDate "2017.10.20"]
[EventType "team-tourn"]
[EventRounds "9"]
[EventCountry "SWE"]
[SourceTitle "EXT 2019"]
[Source "ChessBase"]
[SourceDate "2018.10.10"]
[SourceVersion "1"]
[SourceVersionDate "2018.10.10"]
[SourceQuality "1"]
[WhiteTeam "Viking Team"]
[BlackTeam "Farsta"]
[WhiteTeamCountry "SWE"]
[BlackTeamCountry "SWE"]

1. e4 e6 2. d4 d5 3. Nc3 Bb4 4. Qd3 Nf6 5. e5 Ne4 6. Nge2 Nxc3 7. bxc3 Bf8 8. Nf4 h5 9. Qf3 g6 10. Bd3 Be7 11. 0-0 Nc6 12. a4 Rg8 13. a5 b6 14. a6 Bd7 15. Ba3 Bxa3 16. Rxa3 Qe7 17. Raa1 Rc8 18. Qg3 Kf8 19. h4 Na5 20. Nh3 c5 21. Ng5 Kg7 22. Rfe1 cxd4 23. cxd4 Nc4 24. c3 Rc7 25. Nh3 Be8 26. Nf4 Kh8 27. Qh3 Kg7 28. Bxc4 Rxc4 29. Re3 Rh8 30. Rg3 Rh6 31. Rg5 Ra4 32. Rxa4 Bxa4 33. Qf3 Kh8 34. Nd3 Kg7 35. Nf4 Kh8 36. Qd3 Qc7 37. Rg3 Bb3 38. Nh3 Bc4 39. Qd2 Kg7 40. Qg5 Qd7 41. Qf6+ Kf8 42. Rf3 Be2 43. Qg5 Kg7 44. Rf6 Bg4 45. Nf4 Bf5 46. Kh2 Qb5 47. Rxf5 exf5 48. Qf6+ Kg8 49. e6 fxe6 50. Nxe6 1-0

[Event "EU-chT Seniors 50"]
[Site "Novi Sad"]
[Date "2017.07.02"]
[Round "8.3"]
[White "Arsovic, Zoran"]
[Black "Hedin, Gunnar"]
[Result "1-0"]
[WhiteElo "2422"]
[BlackElo "2176"]
[PlyCount "135"]
[EventDate "2017.06.25"]
[EventType "team-tourn"]
[EventRounds "9"]
[EventCountry "SRB"]
[SourceTitle "CBM 179 Extra"]
[Source "ChessBase"]
[SourceDate "2017.08.23"]
[SourceVersion "1"]
[SourceVersionDate "2017.08.23"]
[SourceQuality "1"]
[WhiteTeam "Serbia 50"]
[BlackTeam "Sweden 50"]
[WhiteTeamCountry "SRB"]
[BlackTeamCountry "SWE"]

1. Nf3 f5 2. g3 Nf6 3. Bg2 d6 4. d4 e6 5. 0-0 Be7 6. c4 0-0 7. b3 Ne4 8. Bb2 Bf6 9. Nc3 Nc6 10. Rc1 Nxc3 11. Bxc3 e5 12. dxe5 dxe5 13. Qd5+ Kh8 14. Qxd8 Rxd8 15. Rfd1 Be6 16. Ne1 e4 17. Bxf6 gxf6 18. Nc2 a5 19. a4 Kg7 20. f3 exf3 21. Bxf3 Ne5 22. Bxb7 Rxd1+ 23. Rxd1 Rb8 24. Bf3 c5 25. Na1 Kf7 26. Kf2 Ke7 27. Ke3 Rb6 28. Kf2 Rb8 29. Ke1 Rb6 30. Kd2 f4 31. Kc3 fxg3 32. hxg3 Rb8 33. Rh1 Bf5 34. Nc2 Bxc2 35. Kxc2 Rg8 36. Rxh7+ Kd6 37. Rh6 Ke7 38. Rh3 Kd6 39. Bd5 Rg4 40. Rh6 Nd7 41. Rh3 Ne5 42. Bf3 Rg8 43. Rh6 Rg6 44. Rh8 Nxf3 45. exf3 Rxg3 46. Rd8+ Ke6 47. Rc8 Kd6 48. f4 Rf3 49. Rd8+ Kc6 50. Ra8 Rxf4 51. Ra6+ Kc7 52. Rxa5 Rf2+ 53. Kd3 Rf3+ 54. Kc2 Rf2+ 55. Kc3 Rf3+ 56. Kb2 Rf2+ 57. Ka3 Kb6 58. Rb5+ Kc6 59. a5 Rf1 60. Rb6+ Kc7 61. Ka4 Ra1+ 62. Kb5 Ra3 63. Kxc5 Rxa5+ 64. Rb5 Ra1 65. Kd4 Rf1 66. Rd5 f5 67. Kc5 Rb1 68. b4 1-0

[Event "EU-chT Seniors 50"]
[Site "Novi Sad"]
[Date "2017.06.29"]
[Round "5.3"]
[White "Vukovic, Cvetko"]
[Black "Hedin, Gunnar"]
[Result "0-1"]
[WhiteElo "1780"]
[BlackElo "2176"]
[PlyCount "42"]
[EventDate "2017.06.25"]
[EventType "team-tourn"]
[EventRounds "9"]
[EventCountry "SRB"]
[SourceTitle "CBM 179 Extra"]
[Source "ChessBase"]
[SourceDate "2017.08.23"]
[SourceVersion "1"]
[SourceVersionDate "2017.08.23"]
[SourceQuality "1"]
[WhiteTeam "Serbia Penzioner 50"]
[BlackTeam "Sweden 50"]
[WhiteTeamCountry "SRB"]
[BlackTeamCountry "SWE"]

1. e4 e6 2. c4 d5 3. exd5 exd5 4. d4 Bb4+ 5. Nc3 Nf6 6. Nf3 0-0 7. Ne5 c5 8. Bg5 Qa5 9. Qd3 Ne4 10. Bd2 cxd4 11. Nxe4 dxe4 12. Bxb4 Qxb4+ 13. Qd2 Qxd2+ 14. Kxd2 Re8 15. f4 f6 16. Re1 e3+ 17. Kd3 fxe5 18. fxe5 Nc6 19. a3 Bf5+ 20. Ke2 Nxe5 21. h3 Nxc4 0-1

[Event "WchT Seniors 65"]
[Site "Hersonissos"]
[Date "2017.04.29"]
[Round "6.4"]
[White "Letzelter, Jean Claude"]
[Black "Hedin, Gunnar"]
[Result "1-0"]
[WhiteElo "2134"]
[BlackElo "2193"]
[PlyCount "59"]
[EventDate "2017.04.24"]
[EventType "team-swiss"]
[EventRounds "9"]
[EventCountry "GRE"]
[SourceTitle "CBM 178 Extra"]
[Source "ChessBase"]
[SourceDate "2017.06.22"]
[SourceVersion "1"]
[SourceVersionDate "2017.06.22"]
[SourceQuality "1"]
[WhiteTeam "France"]
[BlackTeam "Sweden"]
[WhiteTeamCountry "FRA"]
[BlackTeamCountry "SWE"]

1. b4 d5 2. e3 e5 3. Bb2 f6 4. a3 Be6 5. d4 Nd7 6. dxe5 fxe5 7. Nf3 Bd6 8. Nbd2 Ngf6 9. c4 c6 10. cxd5 Bxd5 11. Nc4 Qe7 12. Nxd6+ Qxd6 13. Qc2 0-0 14. Be2 Kh8 15. Rd1 Qe6 16. Qb1 Rae8 17. Ng5 Qg8 18. e4 Bb3 19. Rd6 h6 20. h4 g6 21. Nf3 Re7 22. Qd3 Kh7 23. g4 Be6 24. Ng5+ hxg5 25. hxg5+ Kg7 26. gxf6+ Rxf6 27. Bc1 Qf7 28. Qh3 Qg8 29. Bg5 Rf4 30. Bxe7 1-0

[Event "WchT Seniors 65"]
[Site "Hersonissos"]
[Date "2017.04.28"]
[Round "5.3"]
[White "Hedin, Gunnar"]
[Black "Quinn, John M"]
[Result "1/2-1/2"]
[WhiteElo "2193"]
[BlackElo "2176"]
[PlyCount "72"]
[EventDate "2017.04.24"]
[EventType "team-swiss"]
[EventRounds "9"]
[EventCountry "GRE"]
[SourceTitle "CBM 178 Extra"]
[Source "ChessBase"]
[SourceDate "2017.06.22"]
[SourceVersion "1"]
[SourceVersionDate "2017.06.22"]
[SourceQuality "1"]
[WhiteTeam "Sweden"]
[BlackTeam "England"]
[WhiteTeamCountry "SWE"]
[BlackTeamCountry "ENG"]

1. f4 d5 2. Nf3 Nf6 3. g3 g6 4. Bg2 Bg7 5. 0-0 c5 6. d3 d4 7. c3 0-0 8. e4 dxe3 9. Bxe3 Qc7 10. Na3 a6 11. Qe2 b6 12. d4 Nbd7 13. Ne5 Bb7 14. Nxd7 Nxd7 15. Bxb7 Qxb7 16. dxc5 bxc5 17. Rad1 Rac8 18. Rd2 Nf6 19. Rfd1 h5 20. Qg2 Qxg2+ 21. Kxg2 Ng4 22. Bg1 e5 23. h3 Nh6 24. fxe5 Bxe5 25. Rd5 Rfe8 26. Rxc5 Nf5 27. Rxc8 Rxc8 28. Bf2 Bxg3 29. Nc2 Bxf2 30. Kxf2 Kg7 31. Rd7 Rc6 32. Nd4 Rf6 33. Nxf5+ Rxf5+ 34. Ke3 g5 35. Rd4 Rf1 36. Rd3 g4 1/2-1/2

[Event "WchT Seniors 65"]
[Site "Hersonissos"]
[Date "2017.04.24"]
[Round "1.4"]
[White "Van Kemenade, Rudy"]
[Black "Hedin, Gunnar"]
[Result "0-1"]
[WhiteElo "1914"]
[BlackElo "2193"]
[PlyCount "114"]
[EventDate "2017.04.24"]
[EventType "team-swiss"]
[EventRounds "9"]
[EventCountry "GRE"]
[SourceTitle "CBM 178 Extra"]
[Source "ChessBase"]
[SourceDate "2017.06.22"]
[SourceVersion "1"]
[SourceVersionDate "2017.06.22"]
[SourceQuality "1"]
[WhiteTeam "Wales"]
[BlackTeam "Sweden"]
[WhiteTeamCountry "WLS"]
[BlackTeamCountry "SWE"]

1. e4 e6 2. d3 d5 3. Qe2 Be7 4. Nf3 Nf6 5. g3 0-0 6. Bg2 b5 7. a4 b4 8. e5 Nfd7 9. 0-0 c5 10. c4 bxc3 11. bxc3 a5 12. c4 Nb6 13. Nc3 Nc6 14. Rd1 Bd7 15. h4 h6 16. h5 Re8 17. Nb5 f5 18. Bf4 Nb4 19. Nh2 Rc8 20. Kh1 Rf8 21. Bf3 Kh7 22. Nf1 Bc6 23. Kg1 Qe8 24. Nd2 Nc2 25. Ra2 Bxb5 26. axb5 Nd4 27. Qe3 a4 28. Rc1 Nxf3+ 29. Qxf3 Ra8 30. Kg2 Qd7 31. Kh2 Ra7 32. Nb1 Rd8 33. Rd2 Rf8 34. Na3 Qb7 35. Qe2 Raa8 36. Rg1 Rf7 37. g4 fxg4 38. Qxg4 Bf8 39. Qg6+ Kh8 40. Bxh6 dxc4 41. dxc4 Qf3 42. Be3 Rf5 43. Rg5 Rf4 44. Bxf4 Qxf4+ 45. Kg2 Qxd2 46. h6 Qd7 47. hxg7+ Qxg7 48. Qh5+ Qh7 49. Qf3 Bh6 50. Qf6+ Bg7 51. Qxe6 Rf8 52. Rg6 Nd7 53. Rg3 Bh6 54. Rh3 Rg8+ 55. Kh1 Qe4+ 56. f3 Qe1+ 57. Kh2 Qg1# 0-1

[Event "WchT Seniors 50"]
[Site "Radebeul"]
[Date "2016.06.27"]
[Round "2.1"]
[White "Heidrich, Manfred"]
[Black "Hedin, Gunnar"]
[Result "1-0"]
[WhiteElo "2339"]
[BlackElo "2171"]
[PlyCount "97"]
[EventDate "2016.06.26"]
[EventType "team-swiss"]
[EventRounds "9"]
[EventCountry "GER"]
[SourceTitle "CBM 173 Extra"]
[Source "ChessBase"]
[SourceDate "2016.08.29"]
[SourceVersion "1"]
[SourceVersionDate "2016.08.29"]
[SourceQuality "1"]
[WhiteTeam "Forchheim"]
[BlackTeam "Sweden"]
[WhiteTeamCountry "GER"]
[BlackTeamCountry "SWE"]

1. e4 e6 2. d4 d5 3. Nd2 c5 4. exd5 exd5 5. Ngf3 a6 6. dxc5 Bxc5 7. Bd3 Qe7+ 8. Qe2 Qxe2+ 9. Kxe2 Nf6 10. Nb3 Bb6 11. Be3 Bxe3 12. Kxe3 Nc6 13. Nbd4 Ng4+ 14. Ke2 Nb4 15. Rhf1 0-0 16. a3 Re8+ 17. Kd2 Nxd3 18. Kxd3 Bd7 19. c3 f6 20. h3 Ne5+ 21. Kd2 Kf7 22. Rfe1 h5 23. Rad1 a5 24. Kc1 Nc4 25. Nc2 Bc6 26. Nfd4 Re5 27. f4 Rxe1 28. Rxe1 Re8 29. Rxe8 Bxe8 30. b3 Nd6 31. Ne3 Bc6 32. Kc2 g6 33. Kd3 Ke7 34. Nxc6+ bxc6 35. a4 Ne4 36. b4 Kd6 37. Kd4 c5+ 38. bxc5+ Nxc5 39. Nxd5 Nxa4 40. Nxf6 Nb2 41. Ne4+ Kc6 42. Nd2 Kb5 43. g4 hxg4 44. hxg4 a4 45. f5 gxf5 46. g5 a3 47. g6 a2 48. Nb3 Ka4 49. Na1 1-0

[Event "Hasselbacken op"]
[Site "Stockholm"]
[Date "2016.05.08"]
[Round "9"]
[White "Rietze, Clemens"]
[Black "Hedin, Gunnar"]
[Result "1-0"]
[WhiteElo "2354"]
[BlackElo "2172"]
[PlyCount "121"]
[EventDate "2016.04.30"]
[EventType "swiss"]
[EventRounds "9"]
[EventCountry "SWE"]
[SourceTitle "CBM 172 Extra"]
[Source "ChessBase"]
[SourceDate "2016.06.21"]
[SourceVersion "1"]
[SourceVersionDate "2016.06.21"]
[SourceQuality "1"]

1. d4 e6 2. c4 Bb4+ 3. Bd2 a5 4. g3 Nf6 5. Bg2 d5 6. Qc2 0-0 7. Nf3 Ne4 8. 0-0 Nxd2 9. Nfxd2 Be7 10. Nc3 c6 11. e3 f5 12. c5 Nd7 13. Na4 e5 14. dxe5 Nxe5 15. Nb3 Bf6 16. Nd4 g6 17. Nb6 Ra7 18. Rfd1 Qe7 19. a3 Nd7 20. Na4 Ne5 21. b4 Bd7 22. Nb6 Kh8 23. Qb3 Rd8 24. Rac1 axb4 25. axb4 Be8 26. b5 Bg7 27. Qb4 Qf6 28. Bf1 g5 29. Bg2 f4 30. exf4 gxf4 31. gxf4 Qxf4 32. Nxc6 Qxb4 33. Nxb4 Bxb5 34. N6xd5 Bf8 35. f4 Nc4 36. Nd3 Rc8 37. Nc3 Bc6 38. Bxc6 bxc6 39. Ne4 Ne3 40. Re1 Nf5 41. Kf2 Be7 42. Ng3 Bh4 43. Re5 Ra2+ 44. Kf3 Nd4+ 45. Ke3 Rd8 46. Rc4 Bxg3 47. Rxd4 Rxd4 48. Kxd4 Ra4+ 49. Ke3 Bxh2 50. Rg5 Rc4 51. f5 h6 52. Rg2 Rh4 53. f6 Rh3+ 54. Ke4 Rh4+ 55. Ke3 Rh3+ 56. Ke4 Rh4+ 57. Kf5 Rd4 58. f7 Rd8 59. Rxh2 Kg7 60. Ne5 Rf8 61. Rg2+ 1-0

[Event "Hasselbacken op"]
[Site "Stockholm"]
[Date "2016.05.07"]
[Round "8"]
[White "Hedin, Gunnar"]
[Black "Cramling Bellon, Anna"]
[Result "1-0"]
[WhiteElo "2172"]
[BlackElo "1977"]
[PlyCount "109"]
[EventDate "2016.04.30"]
[EventType "swiss"]
[EventRounds "9"]
[EventCountry "SWE"]
[SourceTitle "CBM 172 Extra"]
[Source "ChessBase"]
[SourceDate "2016.06.21"]
[SourceVersion "1"]
[SourceVersionDate "2016.06.21"]
[SourceQuality "1"]

1. c4 e6 2. g3 d5 3. Bg2 Nf6 4. Nf3 c6 5. 0-0 Nbd7 6. b3 Bd6 7. Bb2 0-0 8. Nc3 a6 9. d4 b5 10. Nd2 b4 11. Na4 Bb7 12. e4 dxe4 13. Nxe4 Nxe4 14. Bxe4 Nf6 15. Bg2 Qc7 16. Re1 Rad8 17. Qe2 Nd7 18. Rad1 Rfe8 19. c5 Be7 20. Qc4 a5 21. Bc1 Qc8 22. Bf4 Ba6 23. Qc2 Bb5 24. Nb2 Qa6 25. Nc4 Bxc4 26. bxc4 Nf6 27. Bf1 h6 28. h4 Rd7 29. Rd2 Red8 30. Red1 a4 31. Bg2 Nh5 32. Be3 Nf6 33. Bf3 Kh8 34. Kg2 Kg8 35. Rb1 Rb7 36. Qc1 Rc8 37. Rdb2 Qa5 38. g4 Nd7 39. g5 hxg5 40. hxg5 e5 41. d5 Nxc5 42. dxc6 Rbb8 43. Bd5 g6 44. Qh1 Bf8 45. Qh4 Bg7 46. Rh1 Rc7 47. Rh3 a3 48. Rb1 Na4 49. Bd2 Nc5 50. Qh7+ Kf8 51. Rf3 e4 52. Rf6 Nd3 53. Rxg6 Be5 54. Qg8+ Ke7 55. Qxf7+ 1-0

[Event "Stockholm op"]
[Site "Stockholm"]
[Date "2015.08.22"]
[Round "8"]
[White "Westerberg, Jonathan"]
[Black "Hedin, Gunnar"]
[Result "1-0"]
[WhiteElo "2464"]
[BlackElo "2127"]
[PlyCount "81"]
[EventDate "2015.08.17"]
[EventType "swiss"]
[EventRounds "9"]
[EventCountry "SWE"]
[SourceTitle "EXT 2016"]
[Source "ChessBase"]
[SourceDate "2015.10.08"]
[SourceVersion "1"]
[SourceVersionDate "2015.10.08"]
[SourceQuality "1"]

1. d4 f5 2. Nc3 d5 3. f3 c5 4. e4 e5 5. Bb5+ Bd7 6. Bxd7+ Nxd7 7. dxe5 d4 8. Nd5 Nxe5 9. Bf4 Bd6 10. Bxe5 Bxe5 11. f4 Bf6 12. Qh5+ g6 13. Qe2 Qa5+ 14. b4 cxb4 15. Qc4 Kd8 16. e5 Be7 17. Qxd4 Bc5 18. Qd2 Ke8 19. Nf3 Rd8 20. Rd1 h6 21. Qd3 Rh7 22. Qc4 Kf8 23. Ke2 Qa6 24. Qxa6 bxa6 25. Nf6 Nxf6 26. Rxd8+ Ne8 27. Rhd1 Bb6 28. R1d7 Rxd7 29. Rxd7 Ng7 30. Nh4 g5 31. Ng6+ Kg8 32. fxg5 hxg5 33. h4 gxh4 34. Nf4 Bg1 35. e6 Bh2 36. Rd8+ Kh7 37. Rd4 Bxf4 38. Rxf4 Nxe6 39. Rxh4+ Kg6 40. Rxb4 Kf6 41. Ra4 1-0

[Event "Stockholm op"]
[Site "Stockholm"]
[Date "2015.08.17"]
[Round "1"]
[White "Hedin, Gunnar"]
[Black "Eriksson, Bo2222"]
[Result "0-1"]
[WhiteElo "2127"]
[BlackElo "1746"]
[PlyCount "134"]
[EventDate "2015.08.17"]
[EventType "swiss"]
[EventRounds "9"]
[EventCountry "SWE"]
[SourceTitle "EXT 2016"]
[Source "ChessBase"]
[SourceDate "2015.10.08"]
[SourceVersion "1"]
[SourceVersionDate "2015.10.08"]
[SourceQuality "1"]

1. d4 Nf6 2. c4 e6 3. Nc3 Bb4 4. e3 d5 5. a3 Bxc3+ 6. bxc3 c5 7. cxd5 exd5 8. Bd3 0-0 9. Ne2 Nc6 10. 0-0 Re8 11. f3 b6 12. Ng3 Bb7 13. Ra2 Rc8 14. Re2 Rc7 15. Bb5 a6 16. Ba4 b5 17. Bc2 cxd4 18. cxd4 Na5 19. e4 h6 20. e5 Nd7 21. Qd3 Nf8 22. f4 Qc8 23. Bb2 Nc4 24. Ba1 Nxa3 25. Bb3 a5 26. f5 a4 27. Nh5 axb3 28. Qg3 g6 29. fxg6 Nxg6 30. Nf6+ Kg7 31. Nxe8+ Qxe8 32. e6 Qd8 33. exf7 Rxf7 34. Rxf7+ Kxf7 35. Rf2+ Kg7 36. Qxb3 Nc4 37. Qf3 Qe7 38. Bc3 Qf8 39. Qg3 Qd6 40. Qg4 b4 41. Bxb4 Qxb4 42. Qd7+ Qe7 43. Qg4 Qe1+ 44. Rf1 Qe3+ 45. Kh1 Qe7 46. Qg3 Bc8 47. h3 Bd7 48. Re1 Qf7 49. Qc7 Nd2 50. Kh2 Ne4 51. Qd8 Qe7 52. Qxe7+ Nxe7 53. g4 Kf6 54. Ra1 Ke6 55. Ra6+ Nc6 56. Kg2 Ke7 57. Kf3 Nxd4+ 58. Kf4 Nd6 59. Ke5 Nc6+ 60. Kf4 d4 61. h4 d3 62. g5 hxg5+ 63. hxg5 d2 64. Ra1 Nc4 65. Rd1 N6a5 66. Ke4 Bc6+ 67. Kd4 Bf3 0-1

[Event "Wch Seniors 23rd"]
[Site "Opatija"]
[Date "2013.11.23"]
[Round "11"]
[White "Hedin, Gunnar"]
[Black "Lim, Kian Hwa"]
[Result "0-1"]
[WhiteElo "2100"]
[BlackElo "1883"]
[PlyCount "120"]
[EventDate "2013.11.12"]
[EventType "swiss"]
[EventRounds "11"]
[EventCountry "CRO"]
[SourceTitle "CBM 157 Extra"]
[Source "ChessBase"]
[SourceDate "2013.12.19"]
[SourceVersion "1"]
[SourceVersionDate "2013.12.19"]
[SourceQuality "1"]

1. d4 d5 2. c4 e6 3. Nc3 Nf6 4. cxd5 exd5 5. Bg5 Nbd7 6. e3 Be7 7. Bd3 0-0 8. Qc2 c6 9. Nge2 Re8 10. f3 Nf8 11. 0-0 Nh5 12. Bxe7 Qxe7 13. e4 dxe4 14. fxe4 Bg4 15. Rf2 Qd7 16. Raf1 Re7 17. Bc4 Nf6 18. d5 Bxe2 19. Rxe2 Rae8 20. Rd1 Qg4 21. d6 Re5 22. h3 Qh5 23. a4 N8d7 24. Rde1 Qg6 25. b4 Nh5 26. Re3 Qxd6 27. Qb3 Qe7 28. Rf3 Nhf6 29. Ref1 Rf8 30. a5 b5 31. axb6 axb6 32. Bd3 b5 33. Bb1 Nb6 34. Bd3 Qe6 35. Qxe6 Rxe6 36. Ra1 Nbd7 37. Bc2 Ne5 38. Rf2 Rd8 39. Bb3 Red6 40. Rf5 Rd3 41. Rxe5 Rxc3 42. Bd1 Rc4 43. Bf3 Rxb4 44. Rc5 Nxe4 45. Bxe4 Rxe4 46. Rxc6 g6 47. Ra7 Rf4 48. Rcc7 Rb8 49. g3 Rf6 50. Rc3 b4 51. Rb3 Rc6 52. Kf2 Rc2+ 53. Ke3 Rh2 54. h4 Rc2 55. Kf3 h5 56. Ra4 Rc4 57. Kf2 Rb5 58. Kg2 Rf5 59. Ra6 Rc2+ 60. Kg1 Rd5 0-1

[Event "EU-chT Seniors 15th"]
[Site "Dresden"]
[Date "2013.07.26"]
[Round "7"]
[White "Faibisovich, Vadim Z"]
[Black "Hedin, Gunnar"]
[Result "1-0"]
[WhiteElo "2348"]
[BlackElo "2117"]
[PlyCount "113"]
[EventDate "2013.07.20"]
[EventType "team-swiss"]
[EventRounds "9"]
[EventCountry "GER"]
[SourceTitle "CBM 155 Extra"]
[Source "ChessBase"]
[SourceDate "2013.08.26"]
[SourceVersion "1"]
[SourceVersionDate "2013.08.26"]
[SourceQuality "1"]
[WhiteTeam "St Petersburg"]
[BlackTeam "Sweden II"]
[WhiteTeamCountry "RUS"]
[BlackTeamCountry "SWE"]

1. e4 e6 2. d4 d5 3. Nd2 Nf6 4. e5 Nfd7 5. Bd3 c5 6. c3 Nc6 7. Ne2 cxd4 8. cxd4 f6 9. exf6 Nxf6 10. Nf3 Bd6 11. 0-0 Qc7 12. h3 0-0 13. Be3 Bd7 14. Rc1 Rae8 15. a3 a6 16. b4 Re7 17. Nc3 Qd8 18. Na4 Be8 19. Nc5 e5 20. dxe5 Nxe5 21. Be2 Nxf3+ 22. Bxf3 Bb8 23. Re1 Bf7 24. Bd4 Rxe1+ 25. Qxe1 Re8 26. Qd1 Qd6 27. g3 Ne4 28. Nxb7 Qd7 29. Nc5 Qxh3 30. Nxe4 dxe4 31. Bg4 Qh6 32. Be3 Qf6 33. Qd7 Qd8 34. Rc6 Qxd7 35. Bxd7 Rd8 36. Bf5 Bd5 37. Be6+ Bxe6 38. Rxe6 Kf7 39. Rxa6 Rd3 40. Kg2 Rb3 41. Rb6 Be5 42. a4 Ra3 43. a5 Bc3 44. a6 Bxb4 45. Rxb4 Rxa6 46. Rxe4 Rc6 47. g4 h6 48. Kg3 g5 49. Rb4 Rc3 50. Kf3 Kg6 51. Rb6+ Kh7 52. Ke4 Rc7 53. Ra6 Rf7 54. Ra7 Rxa7 55. Bxa7 Kg6 56. Ke5 h5 57. f3 1-0